History Quiz

Random History or Clickable Quiz
Score 0/48 Timer 08:00
3 Plays Today
% Correct
Richard Nixon
93.2%
John F. Kennedy
90.2%
Fidel Castro
88.1%
Mao Zedong
84.4%
Mahatma Gandhi
84%
Marie Antoinette
83.3%
George Washington
82.5%
Chiang Kai-shek
82.2%
James Madison
79.3%
Davy Crockett
77.9%
Alexander Hamilton
77.7%
Maximilien de Robespierre
76.7%
Woodrow Wilson
75.4%
Lin Biao
74.3%
Jimmy Carter
74.1%
Jawaharlal Nehru
69.9%
Nikita Khrushchev
67.1%
Simón Bolívar
64.9%
Anwar El Sadat
61.7%
Alexander Dubček
60.2%
Antonio López de Santa Anna
60%
James Bowie
59.7%
Georges Clemenceau
59.7%
Hannibal
57.3%
% Correct
John Ehrlichman
56.2%
David Lloyd George
56.2%
Joan of Arc
53.1%
Mark Felt
52.8%
Henry V
52.2%
José de San Martín
51.9%
Mark Antony
51.1%
Florence Nightingale
50.4%
Menachem Begin
50%
Cleopatra
48.2%
Charles VII
47.2%
Marcus Agrippa
43.3%
Subhas Chandra Bose
42.8%
Leonid Brezhnev
42.5%
Scipio Africanus
42%
Nicholas I
40.3%
Mateo Pumacahua
36.5%
Cardinal Richelieu
36.4%
Milan Kundera
35.9%
Hasdrubal
29.6%
Gustavus Adolphus
29.2%
Abbé Sieyès
27.3%
Mary Seacole
22.6%
Ambrogio Spinola
15.7%
Remove Ads.
Support Sporcle.
Get the best of Sporcle when you Go Orange. This ad-free experience offers more features, more stats, and more fun while also helping to support Sporcle. Thank you for becoming a member.

You're not logged in!

Compare scores with friends on all Sporcle quizzes.
OR
Log In

Show Comments

Extras

Top Quizzes Today


Score Distribution

Your Account Isn't Verified!

In order to create a playlist on Sporcle, you need to verify the email address you used during registration. Go to your Sporcle Settings to finish the process.

Report this User

Report this user for behavior that violates our Community Guidelines.

Details: